000 00333nam a22001457a 4500
003 OSt
005 20160727222448.0
008 160704b xxu||||| |||| 00| 0 eng d
040 _cTEST
100 _91988
_a McWhirter
245 _aGuinness Book of Records
260 _c1982
300 _aGuinness Book of Records
942 _2ddc
_cBK
999 _c1688
_d1688